[Event "Vaxjo op"]
[Site "Vaxjo"]
[Date "2020.02.07"]
[Round "1"]
[White "Andersson, Thorbjorn"]
[Black "Bellon Lopez, Juan Manuel"]
[Result "0-1"]
[WhiteElo "1864"]
[BlackElo "2351"]
[PlyCount "48"]
[EventDate "2020.02.07"]
[EventType "swiss"]
[EventRounds "8"]
[EventCountry "SWE"]
[SourceTitle "CBM 194 Extra"]
[Source "ChessBase"]
[SourceDate "2020.03.31"]
[SourceVersion "1"]
[SourceVersionDate "2020.03.31"]
[SourceQuality "1"]

1. d4 Nf6 2. c4 a6 3. Nc3 c5 4. Nf3 cxd4 5. Nxd4 e6 6. g3 Qc7 7. e3 b6 8. Bg2 Bb7 9. Bxb7 Qxb7 10. 0-0 d6 11. b3 Nbd7 12. Qf3 Qxf3 13. Nxf3 Be7 14. Ba3 Rc8 15. Rac1 Nc5 16. Rfd1 0-0 17. Kg2 Rfd8 18. Nd4 g6 19. Kf3 e5 20. Nde2 e4+ 21. Kg2 Nd3 22. Rc2 Nc5 23. Nf4 Kf8 24. Rcd2 Rb8 0-1

[Event "Politiken Cup 36th"]
[Site "Helsingor"]
[Date "2014.07.22"]
[Round "3"]
[White "Andersson, Thorbjorn"]
[Black "Keen, Cosima C"]
[Result "0-1"]
[WhiteElo "1950"]
[BlackElo "1729"]
[PlyCount "72"]
[EventDate "2014.07.21"]
[EventType "swiss"]
[EventRounds "10"]
[EventCountry "DEN"]
[SourceTitle "CBM 161 Extra"]
[Source "ChessBase"]
[SourceDate "2014.08.29"]
[SourceVersion "1"]
[SourceVersionDate "2014.08.29"]
[SourceQuality "1"]

1. Nf3 d5 2. g3 Nf6 3. Bg2 e6 4. 0-0 Be7 5. d3 0-0 6. Nbd2 b6 7. c3 Bb7 8. d4 Nbd7 9. Re1 c5 10. e3 Qc7 11. b3 cxd4 12. cxd4 Qc3 13. Rb1 Ba6 14. Bb2 Qa5 15. a3 Bd3 16. b4 Qb5 17. Rc1 Rfc8 18. Bf1 Bxf1 19. Rxf1 a5 20. Rxc8+ Rxc8 21. Qb3 axb4 22. a4 Qa5 23. Rc1 Rxc1+ 24. Bxc1 b5 25. axb5 Qxb5 26. Qc2 Nb6 27. Ne5 Ne8 28. Nb3 Nc4 29. Nd3 Ned6 30. Nbc5 Nb7 31. Nxb7 Qxb7 32. Qa4 b3 33. Nb2 Qb4 34. Qa7 Bf8 35. Qa1 Qa3 36. Qb1 Qa2 0-1

[Event "Politiken Cup 36th"]
[Site "Helsingor"]
[Date "2014.07.22"]
[Round "2"]
[White "Fossan, Andreas"]
[Black "Andersson, Thorbjorn"]
[Result "1/2-1/2"]
[WhiteElo "1712"]
[BlackElo "1950"]
[PlyCount "82"]
[EventDate "2014.07.21"]
[EventType "swiss"]
[EventRounds "10"]
[EventCountry "DEN"]
[SourceTitle "CBM 161 Extra"]
[Source "ChessBase"]
[SourceDate "2014.08.29"]
[SourceVersion "1"]
[SourceVersionDate "2014.08.29"]
[SourceQuality "1"]

1. d4 Nf6 2. c4 g6 3. f3 Bg7 4. e4 d6 5. Nc3 0-0 6. Bg5 h6 7. Be3 Nbd7 8. Nh3 c5 9. d5 b5 10. cxb5 a6 11. Nf2 axb5 12. Bxb5 Ba6 13. 0-0 Bxb5 14. Nxb5 Qa5 15. a4 Rfc8 16. Qc1 Kh7 17. Nd1 Ne5 18. Qc2 Nfd7 19. Bd2 Qb6 20. f4 Ng4 21. h3 c4+ 22. Kh1 Ngf6 23. Be3 Qd8 24. Ndc3 Nc5 25. Bxc5 Rxc5 26. Rad1 Kg8 27. Qf2 Ne8 28. e5 f5 29. Rfe1 Rac8 30. exd6 Nxd6 31. Re6 Nxb5 32. axb5 Bf6 33. d6 Qd7 34. dxe7 Qxe6 35. Rd8+ Rxd8 36. exd8Q+ Bxd8 37. Qxc5 Bb6 38. Qd5 Kf7 39. Qb7+ Kf8 40. Qb8+ Kf7 41. Qb7+ Kf8 1/2-1/2

[Event "Deltalift op"]
[Site "Halmstad"]
[Date "2013.05.09"]
[Round "1"]
[White "Andersson, Thorbjorn"]
[Black "Berg, Emanuel"]
[Result "0-1"]
[WhiteElo "1957"]
[BlackElo "2561"]
[PlyCount "38"]
[EventDate "2013.05.09"]
[EventType "swiss"]
[EventRounds "8"]
[EventCountry "SWE"]
[SourceTitle "CBM 154 Extra"]
[Source "ChessBase"]
[SourceDate "2013.06.25"]
[SourceVersion "2"]
[SourceVersionDate "2013.06.25"]
[SourceQuality "1"]

1. d4 Nf6 2. c4 g6 3. Nc3 Bg7 4. e4 0-0 5. Nf3 d6 6. Be2 e5 7. h3 exd4 8. Nxd4 Re8 9. Bg5 h6 10. Bxf6 Qxf6 11. Ndb5 Na6 12. 0-0 c6 13. Na3 Nc5 14. Bf3 Qg5 15. Qc1 Qh4 16. Qd2 Be5 17. Rfe1 Ne6 18. Bg4 Nf4 19. Bxc8 Qg5 0-1

[Event "Livigno op-A 2nd"]
[Site "Livigno"]
[Date "2011.09.13"]
[Round "2"]
[White "Narayanan, Srinath"]
[Black "Andersson, Thorbjorn"]
[Result "1-0"]
[WhiteElo "2336"]
[BlackElo "2055"]
[PlyCount "67"]
[EventDate "2011.09.12"]
[EventType "swiss"]
[EventRounds "9"]
[EventCountry "ITA"]
[SourceTitle "CBM 144 Extra"]
[Source "ChessBase"]
[SourceDate "2011.10.28"]
[SourceVersion "1"]
[SourceVersionDate "2011.10.28"]
[SourceQuality "1"]

1. e4 c5 2. Nf3 Nc6 3. d4 cxd4 4. Nxd4 e5 5. Nb5 a6 6. Nd6+ Bxd6 7. Qxd6 Qf6 8. Qxf6 Nxf6 9. Nc3 Nb4 10. Kd2 d5 11. a3 d4 12. axb4 dxc3+ 13. Ke3 Ng4+ 14. Kf3 f5 15. Bb5+ Ke7 16. Bg5+ Nf6 17. b3 fxe4+ 18. Ke3 Bf5 19. Bc4 h6 20. Ra5 b5 21. Bxf6+ gxf6 22. Be2 Rhd8 23. Ra2 Bg6 24. Rha1 f5 25. g3 Rd2 26. Rxa6 f4+ 27. gxf4 exf4+ 28. Kxf4 Rf8+ 29. Ke3 Be8 30. Rxh6 Rxc2 31. Ra7+ Kd8 32. Bg4 Rd2 33. Rb6 Rd3+ 34. Kxe4 1-0